000
00323 a2200133 4500
000
nam a22 7a 4500
100
_a
Sarin, Shiv K
110
_a
Sarin, Shiv K
245
_a
Own your body
250
_a
Latest edition
260
_b
Bloomsbury Publishing
_c
2024
264
_b
Bloomsbury Publishing
_c
2024
942
_c
BK
999
_c
397236
_d
397236